Normal view
MARC view
Entry Término temático
001 - NÚMERO DE CONTROL
- campo de control: 41044
003 - IDENTIFICADOR DEL NÚMERO DE CONTROL
- campo de control: OSt
005 - FECHA Y HORA DE LA ÚLTIMA TRANSACCIÓN
- campo de control: 20200615033811.0
008 - DATOS DE LONGITUD FIJA
- campo de control de longitud fija: 200615|| aca||aabn | a|a d
040 ## - FUENTE DE LA CATALOGACIÓN
- Centro catalogador/agencia de origen: OSt
- Centro/agencia transcriptor: OSt
150 ## - ENCABEZAMIENTO--TÉRMINO DE MATERIA
- Término de materia o nombre geográfico como elemento de entrada: ESPAÑA
- Subdivisión general: HISTORIA
- Subdivisión general: GUERRA DE INDEPENDENCIA
670 ## - FUENTE DE DATOS ENCONTRADOS
- Cita de la fuente: Work cat.: (OSt)18593: Pérez Galdós, Benito, 1843-1920. 3681, La batalla de Los Arapiles /, 1966.
